000 01430cab a2200241 4500
001 ABS67538
008 040219n2004 000 0 eng u
035 _a(Sirsi) u125201
100 _aWinkley, R.
245 _aDraft renewable energy policy guidance
260 _c2004
490 _aPlanning (for the Natural and Built Environment)
_v(1554) 30 January 2004, 15-18(3)
520 _aA series of three articles looking at draft Policy Planning Statement 22: "Renewable energy" (PPS22). "Winning over the detractors" reveals that there has been a favourable response to the draft guidance from the renewable energy community. "Sea change for renewable" outlines major implications for developers, council and local communities if the draft guidance is implemented. Diagram shows how renewable energy supports other planning objectives such as affordable housing, rural diversification contaminated land, woodland management and urban regeneration. "Widening scope for change" explains shows how the draft PPS22 fits in with the long term vision of energy policy for the UK set out in the Energy White Paper "Our energy future-creating a local carbon economy".
590 _aABS
650 _aPLANNING
650 _aPLANNING POLICY STATEMENT 22
650 _aRENEWABLE ENERGY SOURCES
650 _aPLANNING GUIDANCE
650 _aENERGY WHITE PAPER
700 _aCradick, K.
700 _aAsquith, R.
942 _n0
999 _c74161
_d74161